000 00555cam a2200205ua 4500
001 8373
008 150129n ii |||gr||||Z||||||eng
020 _a9788172736880
040 _cMAIN
041 _aeng
082 _a810
100 _aAgarwal. B.,
_eAuthor.
245 1 _aModern American literature :
_bInterrogations and investigations /
_cBy Beena Agarwal .
250 _a1st.
260 _aNew Delhi:
_bAuthorpress,
_c2012.
300 _a372p.
653 _aAmerican literature in English
653 _aModern American literature
942 _cBK
999 _c7483
_d7483